[Event "Santa Margalida Mallorca-ch"]
[Site "Santa Margalida"]
[Date "2016.11.18"]
[Round "3"]
[White "Rodriguez Gonzalez, Ricard"]
[Black "Diez Cabeza, Vicente"]
[Result "0-1"]
[WhiteElo "1247"]
[BlackElo "1634"]
[PlyCount "84"]
[EventDate "2016.11.11"]
[EventType "swiss"]
[EventRounds "8"]
[EventCountry "ESP"]
[SourceTitle "EXT 2018"]
[Source "ChessBase"]
[SourceDate "2017.10.13"]
[SourceVersion "1"]
[SourceVersionDate "2017.10.13"]
[SourceQuality "1"]

1. e4 d5 2. Nc3 d4 3. Nd5 c6 4. Nb4 e5 5. Nd3 Bd6 6. Be2 Nf6 7. f3 Nh5 8. Nf2 Nf4 9. Bf1 h5 10. g3 Ng6 11. Nd3 f5 12. Qe2 fxe4 13. Qxe4 Qf6 14. Bh3 Bxh3 15. Nxh3 h4 16. g4 0-0 17. Rf1 Nd7 18. g5 Qf5 19. Qg4 Qxg4 20. fxg4 e4 21. Ndf2 Bxh2 22. Nxe4 Nde5 23. Nef2 Bg3 24. d3 Nf3+ 25. Ke2 Rae8+ 26. Ne4 Nh2 27. Rxf8+ Kxf8 28. Bd2 Kg8 29. Be1 Bxe1 30. Rxe1 Nxg4 31. Rg1 Ne3 32. c3 Nf5 33. cxd4 Nxd4+ 34. Ke3 Nc2+ 35. Kd2 Nb4 36. a3 Nd5 37. Rg4 Rd8 38. Nf6+ gxf6 39. gxf6 Kf7 40. d4 Kxf6 41. Kd3 Re8 42. Kc4 Ne3+ 0-1